| 000 | 00846nam a2200301 a 4500 | ||
|---|---|---|---|
| 001 | 000107711 | ||
| 003 | CHAP | ||
| 005 | 20230614092011.0 | ||
| 008 | 131022s2011 mx | |r| |||1|||spa d | ||
| 010 | _a104173 | ||
| 011 | _a105145 | ||
| 020 | _a9786077072324 | ||
| 040 | _cCHAP | ||
| 082 | 0 | 4 |
_a621.313 _bD6 2011 |
| 100 | 1 | 0 |
_aDorf, Richard C. _934007 |
| 245 | 1 | 0 |
_aCircuitos eléctricos / _cpor Richard C. Dorf, James A. Svoboda. |
| 250 | _a8 ed. | ||
| 260 |
_aMéxico, D.F. : _bAlfaomega, _c2011. |
||
| 300 | _axxi, 886 p. | ||
| 534 |
_pTít. original : _tIntroduction to Electric Circuits |
||
| 590 |
_aE792CSJ _b10 _c20131022 _lUCH01 _h1228 |
||
| 590 |
_aE792CSJ _b10 _c20131022 _lUCH01 _h1351 |
||
| 650 | 1 | 4 |
_aCircuitos eléctricos. _923358 |
| 700 | 1 |
_aSvoboda, James A. _9110836 |
|
| 901 | _aBK | ||
| 942 | _cLIBRO | ||
| 942 | _n0 | ||
| 999 |
_c104173 _d104173 |
||